[Event "SVK-chT1W 2223"]
[Site "Slovakia"]
[Date "2022.12.03"]
[Round "5.8"]
[White "Batora, Matej"]
[Black "Bencik, Pavol"]
[Result "1-0"]
[WhiteElo "2001"]
[BlackElo "1948"]
[PlyCount "45"]
[EventDate "2022.10.15"]
[EventType "team-tourn"]
[EventRounds "11"]
[EventCountry "SVK"]
[SourceTitle "EXT 2024"]
[Source "ChessBase"]
[SourceDate "2023.10.10"]
[SourceVersion "1"]
[SourceVersionDate "2023.10.10"]
[SourceQuality "1"]
[WhiteTeam "Nitra NSK"]
[BlackTeam "Levice"]
[WhiteTeamCountry "SVK"]
[BlackTeamCountry "SVK"]

1. e4 e5 2. Bc4 Nf6 3. d4 d6 4. Nf3 Bg4 5. dxe5 Nxe4 6. Bxf7+ Kxf7 7. Qd5+ Ke8 8. Qxe4 Bxf3 9. Qxf3 Nc6 10. 0-0 dxe5 11. Nc3 Bd6 12. Qh5+ g6 13. Qh6 Qd7 14. Bg5 Bf8 15. Qh4 Be7 16. Rad1 Bxg5 17. Qxg5 Qf5 18. Qh6 Kf7 19. f4 e4 20. Rd5 Qf6 21. Nxe4 Qg7 22. Rd7+ Ne7 23. Rxe7+ 1-0

[Event "SVK-chT2B 2122"]
[Site "Slovakia"]
[Date "2022.03.05"]
[Round "5.6"]
[White "Bencik, Pavol"]
[Black "Papp, Gabor3333"]
[Result "1-0"]
[WhiteElo "1948"]
[BlackElo "1530"]
[PlyCount "69"]
[EventDate "2021.10.16"]
[EventType "team-tourn"]
[EventRounds "11"]
[EventCountry "SVK"]
[SourceTitle "EXT 2023"]
[Source "ChessBase"]
[SourceDate "2022.10.05"]
[SourceVersion "1"]
[SourceVersionDate "2022.10.05"]
[SourceQuality "1"]
[WhiteTeam "Levice"]
[BlackTeam "Levice II"]
[WhiteTeamCountry "SVK"]
[BlackTeamCountry "SVK"]

1. e4 e6 2. d4 d5 3. exd5 exd5 4. Nf3 Bd6 5. Bd3 Nf6 6. 0-0 0-0 7. Bg5 Bg4 8. Nbd2 Nbd7 9. c3 c6 10. Qc2 h6 11. Bh4 Qc7 12. Rfe1 Rfe8 13. Bf5 Bxf5 14. Qxf5 Rxe1+ 15. Rxe1 Re8 16. Rxe8+ Nxe8 17. Bg3 Bxg3 18. hxg3 Nd6 19. Qf4 Nf6 20. Nh4 Qe7 21. Nhf3 Qd8 22. Ne5 Nb5 23. a4 Nc7 24. b4 Ne6 25. Qf5 a5 26. Nb3 axb4 27. cxb4 Qb6 28. Nc5 Nxd4 29. Qc8+ Kh7 30. Nxf7 Qxb4 31. Qh8+ Kg6 32. Ne5+ Kf5 33. Qc8+ Kg5 34. f4+ Kh5 35. Qh3# 1-0

[Event "SVK-chT2B 1617"]
[Site "Slovakia"]
[Date "2016.11.05"]
[Round "3.4"]
[White "Bencik, Pavol"]
[Black "Pytlik, Pavol"]
[Result "0-1"]
[WhiteElo "1995"]
[BlackElo "2074"]
[PlyCount "40"]
[EventDate "2016.10.08"]
[EventType "team-tourn"]
[EventRounds "11"]
[EventCountry "SVK"]
[SourceTitle "CBM 175 Extra"]
[Source "ChessBase"]
[SourceDate "2016.12.12"]
[SourceVersion "1"]
[SourceVersionDate "2016.12.12"]
[SourceQuality "1"]
[WhiteTeam "Levice"]
[BlackTeam "Trencin"]
[WhiteTeamCountry "SVK"]
[BlackTeamCountry "SVK"]

1. e4 e6 2. d4 d5 3. exd5 exd5 4. Nf3 Bd6 5. Bd3 Ne7 6. 0-0 0-0 7. Ng5 Bf5 8. Re1 Qd7 9. Re3 h6 10. Nh3 Nbc6 11. c3 Rfe8 12. Bxf5 Nxf5 13. Rxe8+ Rxe8 14. Bf4 Nce7 15. Nd2 Ng6 16. Bxd6 Nxd6 17. Qh5 Qb5 18. Nb3 Re2 19. c4 Qxc4 20. Rc1 Qxc1+ 0-1

[Event "SVK-chT2B 1516"]
[Site "Slovakia"]
[Date "2016.02.13"]
[Round "8.2"]
[White "Lukacovic, Miroslav"]
[Black "Bencik, Pavol"]
[Result "0-1"]
[WhiteElo "2019"]
[BlackElo "1991"]
[PlyCount "82"]
[EventDate "2015.10.17"]
[EventType "team-tourn"]
[EventRounds "11"]
[EventCountry "SVK"]
[SourceTitle "EXT 2019"]
[Source "ChessBase"]
[SourceDate "2018.10.10"]
[SourceVersion "1"]
[SourceVersionDate "2018.10.10"]
[SourceQuality "1"]
[WhiteTeam "Sala Slovan Duslo"]
[BlackTeam "Levice"]
[WhiteTeamCountry "SVK"]
[BlackTeamCountry "SVK"]

1. d4 Nf6 2. c4 g6 3. Nc3 Bg7 4. e4 d6 5. Nge2 Nbd7 6. Ng3 0-0 7. Be2 e5 8. d5 h5 9. Bg5 a6 10. Qd2 Kh7 11. f4 exf4 12. Qxf4 Qe8 13. 0-0-0 Qe5 14. Qd2 Nc5 15. Bf3 h4 16. b4 Nd3+ 17. Kc2 Nxb4+ 18. Kb3 Nd3 19. Bxh4 Nc5+ 20. Kc2 Ng4 21. Nf1 b5 22. h3 Nf6 23. Bg3 Qe8 24. e5 Bf5+ 25. Kb2 b4 26. Ne2 Nfd7 27. Nd4 Nxe5 28. Bxe5 Bxe5 29. Ne3 Bd3 30. Nec2 Qa4 31. Qf2 Bxc4 32. Qh4+ Kg7 33. Kc1 Rh8 34. Qg4 Nd3+ 35. Rxd3 Bxd3 36. Re1 Bf6 37. Re3 Bxc2 38. Nxc2 Rh4 39. Qg3 Rc4 40. Be4 Re8 41. Bxg6 Rxe3 0-1

[Event "SVK-chT2B 1516"]
[Site "Slovakia"]
[Date "2015.10.18"]
[Round "2.5"]
[White "Marko, Anton"]
[Black "Bencik, Pavol"]
[Result "1-0"]
[WhiteElo "2116"]
[BlackElo "2008"]
[PlyCount "65"]
[EventDate "2015.10.17"]
[EventType "team-tourn"]
[EventRounds "11"]
[EventCountry "SVK"]
[SourceTitle "EXT 2019"]
[Source "ChessBase"]
[SourceDate "2018.10.10"]
[SourceVersion "1"]
[SourceVersionDate "2018.10.10"]
[SourceQuality "1"]
[WhiteTeam "Topolciansky CVC"]
[BlackTeam "Levice"]
[WhiteTeamCountry "SVK"]
[BlackTeamCountry "SVK"]

1. Nf3 d5 2. g3 Bg4 3. Bg2 Nc6 4. d4 Qd7 5. Ne5 Nxe5 6. dxe5 0-0-0 7. Qd4 Kb8 8. Be3 b6 9. Nc3 Be6 10. b4 f6 11. 0-0 fxe5 12. Qxe5 Nf6 13. Rfd1 Bf7 14. Bf4 g5 15. Bxg5 Bg7 16. Rd3 Bg6 17. e4 Rhg8 18. Rad1 Nxe4 19. Qxd5 Qxd5 20. Rxd5 Rxd5 21. Nxd5 Nxg5 22. Nxe7 Rf8 23. f4 Bh5 24. Nc6+ Kb7 25. Rd7 Nf3+ 26. Kf2 Kxc6 27. Rxg7 Rf7 28. Bxf3+ Kd6 29. Rxf7 Bxf7 30. a3 c5 31. c3 cxb4 32. cxb4 h6 33. g4 1-0

[Event "SVK-chT2B 1415"]
[Site "Slovakia"]
[Date "2015.03.08"]
[Round "11.4"]
[White "Bencik, Pavol"]
[Black "Pereszlenyi, Gejza"]
[Result "1/2-1/2"]
[WhiteElo "2007"]
[BlackElo "1953"]
[PlyCount "30"]
[EventDate "2014.10.11"]
[EventType "team-tourn"]
[EventRounds "11"]
[EventCountry "SVK"]
[SourceTitle "EXT 2019"]
[Source "ChessBase"]
[SourceDate "2018.10.10"]
[SourceVersion "1"]
[SourceVersionDate "2018.10.10"]
[SourceQuality "1"]
[WhiteTeam "Levice"]
[BlackTeam "Nitra NSK II"]
[WhiteTeamCountry "SVK"]
[BlackTeamCountry "SVK"]

1. e4 c5 2. b4 d6 3. Bb2 Nf6 4. bxc5 dxc5 5. e5 Nd5 6. Bc4 Nb6 7. Qe2 Nxc4 8. Qxc4 e6 9. Nf3 Nc6 10. Nc3 Be7 11. Ne4 Qb6 12. Rb1 Qb4 13. Qe2 Nd4 14. Nxd4 cxd4 15. 0-0 0-0 1/2-1/2

[Event "SVK-chT1W 1314"]
[Site "Slovakia"]
[Date "2014.02.02"]
[Round "7.6"]
[White "Pinter, Patrik"]
[Black "Bencik, Pavol"]
[Result "0-1"]
[WhiteElo "2162"]
[BlackElo "2023"]
[PlyCount "70"]
[EventDate "2013.10.12"]
[EventType "team-tourn"]
[EventRounds "11"]
[EventCountry "SVK"]
[SourceTitle "EXT 2015"]
[Source "ChessBase"]
[SourceDate "2014.11.20"]
[SourceVersion "1"]
[SourceVersionDate "2014.11.20"]
[SourceQuality "1"]
[WhiteTeam "Prievidza"]
[BlackTeam "Levice"]
[WhiteTeamCountry "SVK"]
[BlackTeamCountry "SVK"]

1. e4 e5 2. Nf3 Nc6 3. Be2 Bc5 4. 0-0 Nf6 5. Nxe5 Nxe4 6. Nxc6 dxc6 7. c3 Qh4 8. d4 Bd6 9. f4 Be6 10. Qe1 Qxe1 11. Rxe1 0-0-0 12. Bf3 Nf6 13. b4 Rhe8 14. Bd2 Bd5 15. Rxe8 Rxe8 16. Kf2 Ne4+ 17. Bxe4 Rxe4 18. g3 Kd7 19. Be3 Re8 20. Nd2 b5 21. a4 a6 22. axb5 axb5 23. Ra6 h5 24. Nf3 f6 25. Ne1 Be4 26. Nf3 Ke6 27. Nd2 Bd5 28. Ra1 Kf5 29. h4 Kg4 30. Nf1 Bc4 31. Nd2 Bd3 32. Ra6 g5 33. hxg5 fxg5 34. Ra1 gxf4 35. gxf4 Bxf4 0-1